|
|
|
|
| LEADER |
01207nam a22003134a 4500 |
| 001 |
42677 |
| 003 |
BD-DhAAL |
| 005 |
20240612154211.0 |
| 008 |
240610t2005 nyub 000 1 eng |
| 010 |
|
|
|a 2004022563
|
| 020 |
|
|
|a 0316011770 (hardcover)
|
| 040 |
|
|
|a DLC
|b eng
|c DLC
|d DLC
|d BD-DhAAL
|
| 042 |
|
|
|a pcc
|
| 050 |
0 |
0 |
|a PS3611.O74927
|b H57 2005
|
| 082 |
0 |
0 |
|a 813.6
|2 22
|
| 100 |
1 |
|
|a Kostova, Elizabeth.
|9 56530
|
| 245 |
1 |
4 |
|a The historian :
|b a novel /
|c Elizabeth Kostova.
|
| 250 |
|
|
|a First edition
|
| 260 |
|
|
|a New York :
|b Little, Brown,
|c 2005.
|
| 300 |
|
|
|a x, 642 pages :
|b maps ;
|c 25 cm.
|
| 500 |
|
|
|a Maps on lining papers.
|
| 541 |
|
|
|a Donation from the Asia Foundation/ Savar Campus
|e 42677
|
| 650 |
|
0 |
|a Vampires
|v Fiction.
|
| 655 |
|
7 |
|a Occult fiction.
|2 gsafd
|9 6954
|
| 655 |
|
7 |
|a Horror fiction.
|2 gsafd
|9 56531
|
| 710 |
2 |
|
|a Gene Berry and Jeffrey Campbell Collection (Library of Congress)
|5 DLC
|9 56238
|
| 942 |
|
|
|2 ddc
|c BK
|
| 999 |
|
|
|c 46716
|d 46716
|
| 952 |
|
|
|0 0
|1 0
|2 ddc
|4 0
|6 813_600000000000000_KOS
|7 0
|9 75630
|a SCL
|b SCL
|c GEN
|d 2024-06-10
|e Donation from the Asia Foundation/ Savar Campus
|l 0
|o 813.6 KOS
|p 3020042677
|r 2024-06-10
|t 1
|w 2024-06-10
|y BK
|x Donation from the Asia Foundation/ Savar Campus
|